<?xml version="1.0" encoding="UTF-8"?>
<record
    xmlns:xsi="http://www.w3.org/2001/XMLSchema-instance"
    xsi:schemaLocation="http://www.loc.gov/MARC21/slim http://www.loc.gov/standards/marcxml/schema/MARC21slim.xsd"
    xmlns="http://www.loc.gov/MARC21/slim">

  <leader>00639nam a22001337a 4500</leader>
  <datafield tag="040" ind1=" " ind2=" ">
    <subfield code="c">RUA</subfield>
  </datafield>
  <datafield tag="082" ind1=" " ind2=" ">
    <subfield code="a">AVM KHU 2018 B654 Or.1</subfield>
  </datafield>
  <datafield tag="100" ind1=" " ind2=" ">
    <subfield code="a">KHUN SE  &#x1783;&#x17BB;&#x1793; &#x200B;&#x179F;&#x17C2;</subfield>
  </datafield>
  <datafield tag="245" ind1=" " ind2=" ">
    <subfield code="a">&#x1794;&#x179A;&#x17B6;&#x179F;&#x17B7;&#x178F;&#x1793;&#x17C5;&#x1780;&#x17D2;&#x1793;&#x17BB;&#x1784;&#x1780;&#x17D2;&#x179A;&#x1796;&#x17C7;&#x1796;&#x17C4;&#x17C7;&#x179C;&#x17C0;&#x1793;&#x1782;&#x17C4; &#x1793;&#x17C5;&#x1783;&#x17BB;&#x17C6;&#x1796;&#x17D2;&#x179A;&#x17C2;&#x1780;&#x1780;&#x17D2;&#x179A;&#x17B9;&#x179F; &#x179F;&#x17D2;&#x179A;&#x17BB;&#x1780;&#x1780;&#x17C6;&#x1796;&#x1784;&#x178F;&#x17D2;&#x179A;&#x17B6;&#x1785; &#x1781;&#x17C1;&#x178F;&#x17D2;&#x178F;&#x1780;&#x17C6;&#x1796;&#x178F;gastro-intestinal parasite of cattle at prek kroes commune, kampot province </subfield>
  </datafield>
  <datafield tag="260" ind1=" " ind2=" ">
    <subfield code="a">RUA</subfield>
    <subfield code="b">Phnom penh</subfield>
    <subfield code="c">2018</subfield>
  </datafield>
  <datafield tag="300" ind1=" " ind2=" ">
    <subfield code="a">xi;34p</subfield>
    <subfield code="b">ill;</subfield>
    <subfield code="c">29cm</subfield>
  </datafield>
  <datafield tag="856" ind1=" " ind2=" ">
    <subfield code="u">https://drive.google.com/file/d/1t0X4jGsFZFoK4aKJsBfRp-qeWWdubztW/view?usp=sharing</subfield>
  </datafield>
  <datafield tag="942" ind1=" " ind2=" ">
    <subfield code="c">AVM</subfield>
  </datafield>
  <datafield tag="999" ind1=" " ind2=" ">
    <subfield code="c">18681</subfield>
    <subfield code="d">18681</subfield>
  </datafield>
  <datafield tag="952" ind1=" " ind2=" ">
    <subfield code="0">0</subfield>
    <subfield code="1">0</subfield>
    <subfield code="2">ddc</subfield>
    <subfield code="4">0</subfield>
    <subfield code="6">AVM_KHU_2018_000000000000000_B654_OR_1</subfield>
    <subfield code="7">0</subfield>
    <subfield code="9">83095</subfield>
    <subfield code="a">LBB</subfield>
    <subfield code="b">LBB</subfield>
    <subfield code="c">B654</subfield>
    <subfield code="d">2020-01-08</subfield>
    <subfield code="l">1</subfield>
    <subfield code="o">AVM KHU 2018 B654 Or.1</subfield>
    <subfield code="p">A43320</subfield>
    <subfield code="r">2021-03-05</subfield>
    <subfield code="s">2021-02-17</subfield>
    <subfield code="w">2020-01-08</subfield>
    <subfield code="y">AVM</subfield>
  </datafield>
  <datafield tag="952" ind1=" " ind2=" ">
    <subfield code="0">0</subfield>
    <subfield code="1">0</subfield>
    <subfield code="2">ddc</subfield>
    <subfield code="4">0</subfield>
    <subfield code="6">AVM_KHU_2018_000000000000000_B654_OR_2</subfield>
    <subfield code="7">0</subfield>
    <subfield code="9">83096</subfield>
    <subfield code="a">LBB</subfield>
    <subfield code="b">LBB</subfield>
    <subfield code="c">B654</subfield>
    <subfield code="d">2020-01-08</subfield>
    <subfield code="l">1</subfield>
    <subfield code="o">AVM KHU 2018 B654 Or.2</subfield>
    <subfield code="p">A43330</subfield>
    <subfield code="r">2020-06-17</subfield>
    <subfield code="s">2020-03-09</subfield>
    <subfield code="w">2020-01-08</subfield>
    <subfield code="y">AVM</subfield>
  </datafield>
  <datafield tag="952" ind1=" " ind2=" ">
    <subfield code="0">0</subfield>
    <subfield code="1">0</subfield>
    <subfield code="2">ddc</subfield>
    <subfield code="4">0</subfield>
    <subfield code="6">AVM_KHU_2018_000000000000000_B654_OR_3</subfield>
    <subfield code="7">0</subfield>
    <subfield code="9">83097</subfield>
    <subfield code="a">LBB</subfield>
    <subfield code="b">LBB</subfield>
    <subfield code="c">B654</subfield>
    <subfield code="d">2020-01-08</subfield>
    <subfield code="l">1</subfield>
    <subfield code="o">AVM KHU 2018 B654 Or.3</subfield>
    <subfield code="p">A43520</subfield>
    <subfield code="r">2023-10-18</subfield>
    <subfield code="s">2023-09-13</subfield>
    <subfield code="w">2020-01-08</subfield>
    <subfield code="y">AVM</subfield>
  </datafield>
  <datafield tag="952" ind1=" " ind2=" ">
    <subfield code="0">0</subfield>
    <subfield code="1">0</subfield>
    <subfield code="2">ddc</subfield>
    <subfield code="4">0</subfield>
    <subfield code="6">AVM_KHU_2018_000000000000000_B654_OR_4</subfield>
    <subfield code="7">0</subfield>
    <subfield code="9">83098</subfield>
    <subfield code="a">LBB</subfield>
    <subfield code="b">LBB</subfield>
    <subfield code="c">B654</subfield>
    <subfield code="d">2020-01-08</subfield>
    <subfield code="o">AVM KHU 2018 B654 Or.4</subfield>
    <subfield code="p">A43130</subfield>
    <subfield code="r">2020-01-08</subfield>
    <subfield code="w">2020-01-08</subfield>
    <subfield code="y">AVM</subfield>
  </datafield>
  <datafield tag="952" ind1=" " ind2=" ">
    <subfield code="0">0</subfield>
    <subfield code="1">0</subfield>
    <subfield code="2">ddc</subfield>
    <subfield code="4">0</subfield>
    <subfield code="6">AVM_KHU_2018_000000000000000_B654_OR_5</subfield>
    <subfield code="7">0</subfield>
    <subfield code="9">83099</subfield>
    <subfield code="a">LBB</subfield>
    <subfield code="b">LBB</subfield>
    <subfield code="c">B654</subfield>
    <subfield code="d">2020-01-08</subfield>
    <subfield code="l">2</subfield>
    <subfield code="o">AVM KHU 2018 B654 Or.5</subfield>
    <subfield code="p">A43345</subfield>
    <subfield code="r">2023-11-13</subfield>
    <subfield code="s">2023-07-31</subfield>
    <subfield code="w">2020-01-08</subfield>
    <subfield code="y">AVM</subfield>
  </datafield>
  <datafield tag="952" ind1=" " ind2=" ">
    <subfield code="0">0</subfield>
    <subfield code="1">0</subfield>
    <subfield code="2">ddc</subfield>
    <subfield code="4">0</subfield>
    <subfield code="6">AVM_KHU_2018_000000000000000_B654_OR_6</subfield>
    <subfield code="7">0</subfield>
    <subfield code="9">83100</subfield>
    <subfield code="a">LBB</subfield>
    <subfield code="b">LBB</subfield>
    <subfield code="c">B654</subfield>
    <subfield code="d">2020-01-08</subfield>
    <subfield code="l">1</subfield>
    <subfield code="o">AVM KHU 2018 B654 Or.6</subfield>
    <subfield code="p">A43440</subfield>
    <subfield code="r">2023-08-11</subfield>
    <subfield code="s">2023-07-31</subfield>
    <subfield code="w">2020-01-08</subfield>
    <subfield code="y">AVM</subfield>
  </datafield>
</record>
